000 00759cam a22002653a 4500
001 7832
003 PGUSA
005 20140828083149.0
008 050401s2005||||xxu|||||s|||||000 1 eng d
040 _aPGUSA
_beng
042 _adc
050 4 _aPS
100 1 _aPhillips, David Graham,
_d1867-1911
245 1 4 _aThe Deluge
_h[electronic resource] /
_cDavid Graham Phillips
260 _bProject Gutenberg,
_c2005
506 _aPublic domain in the USA.
516 _aElectronic text
653 _aWall Street (New York, N.Y.) -- Fiction
653 _aNew York (N.Y.) -- Fiction
653 _aSpeculation -- Fiction
653 _aLove stories
830 0 _aProject Gutenberg
_v7832
856 4 0 _uhttp://www.gutenberg.org/ebooks/7832
942 _cEB
999 _c237132
_d237132